000 00895nam a22002897i 4500
003 EG-GICUC
005 20260415114350.0
008 260415s1964 uk ||||fr|||| 00| 0 eng d
040 _aEG-GiCUC
_beng
_cEG-GiCUC
_dEG-GiCUC
_erda
041 _aeng
_heng
082 0 4 _221
_a330.03
_bWI . D
092 0 4 _221
099 _aLaw 13 330.03 WI . D 1964
100 1 _aWinton , John R.
_eAuthor.
245 1 1 _aA Dictionary of Economic Terms /
_bBy J. R. Winton.
264 0 1 _aLondon;
_bRoutledge & Kegan Paul,
_c1964.
300 _a85 pages :
_billustrations,
_c24 cm
336 _2rda content
_atext
337 _2rda media
_aComputer
338 _2rda carrier
_aOnline Resource
546 _aText in English
650 1 _aPublic finance and tax legislation
_2qrmak
651 1 _2qrmak
856 4 0 _uhttps://fll.law.cu.edu.eg/fulltext/bks/B13-01043.pdf
905 _a31
942 _2ddc
_cBK
_e21
_n0
999 _c71037
_d71037